| 000 | 01040nam a2200229Ia 4500 | ||
|---|---|---|---|
| 003 | Ost | ||
| 005 | 20260507075729.0 | ||
| 008 | 260507s9999||||xx |||||||||||||| ||und|| | ||
| 040 | _cfsecg | ||
| 041 | _aara | ||
| 082 | _a346.07 | ||
| 100 |
_aدويدار، هاني _eمؤلف |
||
| 245 | 0 |
_aالوفاء بالأوراق التجارية المعالجة الالكترونية / _c هاني دويدار |
|
| 260 |
_aالاسكندرية: _bدار الجامعة الجديدة, _c2003 |
||
| 300 | _a60 صفحة؛ | ||
| 490 | _aالمكتبة القانونية | ||
| 504 | _aبيبليوغرافيا : ص. 55 | ||
| 520 | _aظاهرة الوفاء بالأوراق التجارية المعالجة الكترونيا ازاء التنظيم القانون للتجارة ، ظاهرة الوفاء بالأوراق التجارية المعلجة الكترونيا ازاء أحكام القانون الصرفي | ||
| 653 | _aالأوراق التجارية | ||
| 653 | _aالقانون التجاري | ||
| 942 | _cكتاب | ||
| 999 |
_c46012 _d46012 |
||